A kisüzemi gazdaságokban termelt nyerstej jellemzői

Elmentve itt :
Bibliográfiai részletek
Szerző: Tancsik György
További közreműködők: Süle Jolán (Témavezető)
Dokumentumtípus: Szakdolgozat
Megjelent: 1986
Kulcsszavak:Tejtermelés
Tejvizsgálat
Tárgyszavak:
Online Access:http://diploma.bibl.u-szeged.hu/99178
LEADER 00735nta a2200229 i 4500
001 dipl99178
005 20220302133255.0
008 220302s1986 hu om 0|| hun d
040 |a SZTE Diploma Repozitórium  |b hun 
041 |a hun 
100 1 |a Tancsik György 
245 1 2 |a A kisüzemi gazdaságokban termelt nyerstej jellemzői  |h [elektronikus dokumentum] /  |c György Tancsik 
260 |c 1986 
300 |a 42 
650 4 |a Agrár 
650 4 |a Agricultural sciences 
650 4 |a Animal and Dairy science 
650 4 |a Animal and dairy science 
695 |a Tejtermelés 
695 |a Tejvizsgálat 
700 1 |a Süle Jolán  |e ths 
856 4 0 |u http://diploma.bibl.u-szeged.hu/id/eprint/99178/1/1986_tancsik_gyorgy.pdf  |z Dokumentum-elérés